| 000 | 01295nam a22003617a 4500 | ||
|---|---|---|---|
| 003 | CHAP | ||
| 005 | 20220329135319.0 | ||
| 008 | 971013s1972 r 00010 d | ||
| 010 | _a34256 | ||
| 011 | _a35228 | ||
| 035 | _a39344 | ||
| 040 | _cCHAP | ||
| 090 | _aTesis | ||
| 100 | 0 | 0 |
_aLuna Flores, Maximino. _969047 |
| 245 | _aComparación de métodos para evlauar aptitud combinatoria general de líneas de maíz (Zea mays L.) en relación al tamaño de muestra del probador | ||
| 260 |
_aChapingo, Méx. : _bEl autor, _c1972 |
||
| 300 | _a68 h. | ||
| 500 | _ac.4-5 en bodega | ||
| 502 | _aTesis (M.C. Esp. en Genética) -- ENA. Colegio de Postgraduados | ||
| 590 |
_aALEPH _b10 _c20130110 _lUCH01 _h1259 |
||
| 590 |
_aBATCH-UPD _b10 _c20130110 _lUCH01 _h0319 |
||
| 590 |
_aBATCH-UPD _b10 _c20130110 _lUCH01 _h1550 |
||
| 590 |
_aBATCH-UPD _b10 _c20130409 _lUCH01 _h2352 |
||
| 590 |
_aBATCH-UPD _b10 _c20130914 _lUCH01 _h1303 |
||
| 590 |
_aCONVERSION _b10 _c20130109 _lUCH01 _h1319 |
||
| 650 | 1 | 4 |
_aMaíz _xGenética. _970963 |
| 710 | 0 |
_aENA. Colegio de Postgraduados. Chapingo, Méx. Rama de Genética. _936687 |
|
| 901 | _aBK | ||
| 942 | _cFOLL | ||
| 949 |
_bBC _cTES _d-89719 _eTS1 _i39344 _si |
||
| 949 |
_bBC _cTES _d-89720 _eTS2 _fc.2 _i39344 _si |
||
| 949 |
_bBC _cTES _d-89721 _eTS2 _fc.3 _i39344 _si |
||
| 999 |
_c34256 _d34256 |
||